00638cam a22002051 4500001001300000003000400013005001700017008004100034010001700075035001800092040002500110050002500135111008600160245001800246260002300264300001900287504002800306610004400334650005400378sa 68018988 DLC20260227112716.0720619s1964 xx 100 0 ind  asa 68018988  a(OCoLC)336012 aDLCcOAUdOCoLCdDLC00aBX1653.A1bK654 19641 aKonperensi Panitia Sosial Para Waligeredja Indonesia,cBandung, Indonesia,d1964.10aBuku laporan. a[Semarang?c1964?] a172 p.c21 cm. aBibliography: p. 29-33.20aCatholic ChurchzIndonesiavCongresses. 0aChristian sociologyxCatholic ChurchvCongresses.